| 000 | nam a22 7a 4500 | ||
|---|---|---|---|
| 999 |
_c127084 _d127084 |
||
| 008 | 171011b xxu||||| |||| 00| 0 eng d | ||
| 050 | _aBV2520.C711 | ||
| 100 |
_aBond, Gwenda _937003 |
||
| 245 |
_aThe answered call _c/ Gwenda Bond |
||
| 260 |
_aLondon _bMarshall Pickering _c1992 |
||
| 300 |
_a234p. ; _c18cm. |
||
| 600 |
_aCarey, William _937004 |
||
| 650 |
_aBaptist missionary society _937005 |
||
| 942 |
_2lcc _cMONOGRAPH |
||